<?xml version="1.0" encoding="UTF-8"?>
<collection xmlns="http://www.loc.gov/MARC21/slim">
  <record>
    <leader>00000nam  2200000   4500</leader>
    <controlfield tag="001">INLIS000000000000709</controlfield>
    <controlfield tag="005">20180724135847</controlfield>
    <controlfield tag="008">180724|||||||||   |   |||   |||| ||   | </controlfield>
    <datafield tag="035" ind1=" " ind2=" ">
      <subfield code="0">010-0718000709</subfield>
    </datafield>
    <datafield tag="041" ind1=" " ind2=" ">
      <subfield code="a">id</subfield>
    </datafield>
    <datafield tag="082" ind1=" " ind2=" ">
      <subfield code="a">028</subfield>
    </datafield>
    <datafield tag="090" ind1=" " ind2=" ">
      <subfield code="a">R 028 PIM I 2015</subfield>
    </datafield>
    <datafield tag="100" ind1=" " ind2=" ">
      <subfield code="a">Mulyono, Sukma Edi</subfield>
    </datafield>
    <datafield tag="245" ind1=" " ind2=" ">
      <subfield code="a">Strategi Implementasi Nawa Cita dalam Penegakkan Hukum guna Penguatan Ketahanan Nasional</subfield>
    </datafield>
    <datafield tag="260" ind1=" " ind2=" ">
      <subfield code="a">Jakarta</subfield>
      <subfield code="b">LAN Jakarta</subfield>
      <subfield code="c">2015</subfield>
    </datafield>
    <datafield tag="500" ind1=" " ind2=" ">
      <subfield code="a">Pembentukan dan pelaksanaan tugas Tim Efektif berjalan sesuai rencana. Seluruh tahapan kegiatan telah berhasil dilaksanakan oleh tim, mulai dari TO dengan para stakeholder internal maupun  eksternal, rapat penyusunan Proyek Perubahan, penyusunan rancangan materi garis besar pelaksanaan program Bintannas Aspek Gakum, menyelenggarakan program pertemuan dengan stakeholder eksternal yaitu anggota Wantannas, menyelenggarakan kelompok kerja khusus (Pokjasus) dengan K/LNK dan Pemda.</subfield>
    </datafield>
    <datafield tag="650" ind1=" " ind2=" ">
      <subfield code="a">Nawacita</subfield>
    </datafield>
  </record>
</collection>
